000 00666nam a2200193Ia 4500
003 GCL
008 140319s9999 xx 000 0 ara d
040 _aGCL /
_cGCL
082 0 4 _a239.9
_bم ح
100 1 _aمحمد يوسف الكاندهلوى
245 1 0 _aحياة الصحابة رضى الله عنهم ورضوانه /
_cمحمد يوسف الكاندهلوى
260 _a[S.N] :
_bالنور الاسلامية للطبع والنشر والتوزيع
490 _a
650 0 4 _aالسيرة النبوية
650 0 4 _aالصحابة
650 0 4 _aالاسلام - تراجم
650 0 4 _aالصحابة والتابعون
942 _2ddc
_cBK
999 _c28966
_d28966